000 00526nam a22002057a 4500
003 ITZ
005 20231206161037.0
008 231206b |||||||| |||| 00| 0 spa d
020 _a978-607-32-2237-2
035 _a17609
041 _aspa
050 _aQD31.2
_bB881 2014
082 _a540.7
_bB262q 2014
100 1 _aBrown, Theodore L.
245 _aQuimica. La ciencia central
_cTheodore L. Brown
250 _a12
260 _aMéxico
_bPearson Educacion
300 _axxxxv1, 1063 p., il. /
_c28 cm.
942 _cBK
999 _c29226
_d29226